Normal view
MARC view
- Dr. Hassan Farooq
Entry Personal Name
001 - CONTROL NUMBER
- control field: 27527
003 - CONTROL NUMBER IDENTIFIER
- control field: NUST
005 - DATE AND TIME OF LATEST TRANSACTION
- control field: 20200113155541.0
008 - FIXED-LENGTH DATA ELEMENTS
- fixed length control field: 200113|| aca||aabn | a|a d
040 ## - CATALOGING SOURCE
- Original cataloging agency: NUST
- Transcribing agency: NUST
100 ## - HEADING--PERSONAL NAME
- Personal name: Dr. Hassan Farooq
670 ## - SOURCE DATA FOUND
- Source citation: Work cat.: (NUST): Iqbal, Uzma 27526, Seismic vulnerability assessment of RC structures using incremental dynamic analysis , 2016.
